• 首页
  • 本馆介绍
  • 公告通知
  • 最新文献
  • 馆藏检索
  • 电子资源
  • 读者导购
  • 参考咨询
  • 我的图书馆
  • 登录
  • 详细信息显示
  • 放入我的书架
  • 预约/预借图书
  • 作者相关作品
  • 分类相关作品
  • 丛书相关作品
  • 出版社相关作品

书目信息

  • 表格格式
  • 工作单格式
  • 卡片格式
题名:
星厨的独家法式料理
    
 
作者: 布韦 , 德洛姆 著 ;麦克拉克伦 , 李磊 摄影
分册:  
出版信息: 武汉   华中科技大学出版社  2019.01
页数: 543页
开本: 28cm
丛书名:
单 册:
中图分类: TS972.118
科图分类:
主题词: 西式菜肴--xi shi cai yao--烹饪--法国
电子资源:
ISBN: 978-7-5680-5419-5
000 01571nam0 2200325 450
001 0109110145
005 20201109110337.0
010    @a978-7-5680-5419-5@b精装@dCNY289.00
100    @a20200408d2019 em y0chiy50 ea
101 1  @achi@cfre
102    @aCN@b420000
105    @aa z 001yy
106    @ar
200 1  @a星厨的独家法式料理@Axing chu de du jia fa shi liao li@f(法)樊尚·布韦(Vincent Boue), (法)于贝尔·德洛姆(Hubert Delorme)著@g(美)克莱·麦克拉克伦(Clay McLachlan)摄影@g李磊译
210    @a武汉@c华中科技大学出版社@d2019.01
215    @a543页@c彩照@d28cm
300    @a有书至美
305    @a由Flammarion SA授权出版
312    @a封面法文题名:Encyclopedie de la gastronomie francaise
320    @a有索引
330    @a本书图片精美丰富,内容清晰详实,由浅入深,全面展示了正统法餐的制作方法,适合热爱法餐文化和学习法国料理的厨师读者。本书分为三部分:第一部分以分步的方式详细讲解了法式烹饪的所有技术;第二部分用精美的插图展示了烹饪器具、食材以及用图表列明了烹饪计量、水果季节产量、奶酪名称来源及产区等;第三部分介绍了法餐中常用的烹饪法以及主厨们的私房菜谱。总之,这是一本集系统性、权威性、技术性为一体的法餐学习书籍。
510 1  @aEncyclopedie de la gastronomie francaise@zfre
606 0  @a西式菜肴@Axi shi cai yao@x烹饪@y法国
690    @aTS972.118@v5
701  1 @c(法)@a布韦@Abu wei@gBoue, Vincent@4著
701  1 @c(法)@a德洛姆@Ade luo mu@gDelorme, Hubert@4著
702  1 @c(美)@a麦克拉克伦@Amai ke la ke lun@gMcLachlan, Clay@4摄影
702  0 @a李磊@Ali lei@4译
801  0 @aCN@bBJSZM@c20201103
905    @b1213779-80@dTS972.118@e603@f2
    
    星厨的独家法式料理/(法)樊尚·布韦(Vincent Boue), (法)于贝尔·德洛姆(Hubert Delorme)著/(美)克莱·麦克拉克伦(Clay McLachlan)摄影/李磊译.-武汉:华中科技大学出版社,2019.01
    543页:彩照;28cm
    有书至美
    
    ISBN 978-7-5680-5419-5(精装):CNY289.00
    本书图片精美丰富,内容清晰详实,由浅入深,全面展示了正统法餐的制作方法,适合热爱法餐文化和学习法国料理的厨师读者。本书分为三部分:第一部分以分步的方式详细讲解了法式烹饪的所有技术;第二部分用精美的插图展示了烹饪器具、食材以及用图表列明了烹饪计量、水果季节产量、奶酪名称来源及产区等;第三部分介绍了法餐中常用的烹饪法以及主厨们的私房菜谱。总之,这是一本集系统性、权威性、技术性为一体的法餐学习书籍。
●
相关链接 在E读中查询图书 在五车中查询图书 在当当中查询图书 在豆瓣中查询图书


正题名:星厨的独家法式料理     索取号:TS972.118/603         预约/预借

序号 登录号 条形码 馆藏地/架位号 状态 备注
1 1213779   212137793   第二样本阅览室/ [索取号:TS972.118/603] 在馆    
2 1213780   212137800   第三借阅区/ [索取号:TS972.118/603] 在馆    
唐山师范学院图书馆 欢迎您!
大连网信软件有限公司© 版权所有